000 00280nam a22001217a 4500
041 _aENG
100 _aHall.C.W
245 _aAgricultural Engineering Index 1907-1960
260 _aMichigan
_bAgricultural Consulting
_c1960
300 _a135
650 _aFMP
856 _uFMP (23 )
999 _c1361
_d1361